Коэффициенты для минералогических и петрохимических перерасчетов

Bibliografske podrobnosti
Glavni avtor: Авидон В. П. Валентин Павлович
Izvleček:Книга содержит коэффициенты для пересчета результатов химических и минералогических анализов, выраженных в процентах, в формульные и атомные количества. Приведено более 1200 пересчетных коэффициентов, в том числе более 80 для химических элементов, более 150 для окислов, около 500 для различных минералов и химических соединений, а также более 250 коэффициентов для вычисления числа атомов катионов в элементарной и окисной форме и др. Указаны области применения и даны рекомендации по использованию коэффициентов для пересчетов. Приведены примеры пересчетов, применяемых в минералогии, петрографии, при оценке качества минерального сырья. Работа рассчитана на геологов, минералогов, петрографов, геохимиков и других специалистов, занима­ющихся обработкой аналитических данных по минералам и горным породам, в том числе и по различным видам минерального сырья.
Jezik:ruščina
Izdano: Москва, Недра, 1976
Teme:
Format: Knjiga
KOHA link:https://koha.lib.tpu.ru/cgi-bin/koha/opac-detail.pl?biblionumber=287934

MARC

LEADER 00000nam0a2200000 4500
001 287934
005 20231102000034.0
035 |a (RuTPU)RU\TPU\book\312377 
090 |a 287934 
100 |a 20150320d1976 k y0rusy50 ca 
101 0 |a rus 
102 |a RU 
105 |a a z 001zy 
200 1 |a Коэффициенты для минералогических и петрохимических перерасчетов  |f В. П. Авидон 
210 |a Москва  |c Недра  |d 1976 
215 |a 161 с.  |c ил. 
316 |5 63413507: КР-7370  |a На титульном листе владельческая подпись: «Л. Рихванов г. Томск май, 1976» 
317 |5 63413507: КР-7370  |a Поступил в НТБ в 2021 г. в дар от семьи профессора ТПУ Л. П. Рихванова 
320 |a Библиогр.: с. 159-160 
330 |a Книга содержит коэффициенты для пересчета результатов химических и минералогических анализов, выраженных в процентах, в формульные и атомные количества. Приведено более 1200 пересчетных коэффициентов, в том числе более 80 для химических элементов, более 150 для окислов, около 500 для различных минералов и химических соединений, а также более 250 коэффициентов для вычисления числа атомов катионов в элементарной и окисной форме и др. Указаны области применения и даны рекомендации по использованию коэффициентов для пересчетов. Приведены примеры пересчетов, применяемых в минералогии, петрографии, при оценке качества минерального сырья. Работа рассчитана на геологов, минералогов, петрографов, геохимиков и других специалистов, занима­ющихся обработкой аналитических данных по минералам и горным породам, в том числе и по различным видам минерального сырья. 
606 1 |a Горные породы  |x Химический состав  |x Пересчетные коэффициенты  |2 stltpush  |3 (RuTPU)RU\TPU\subj\8094  |9 35584 
606 1 |a Минералы  |x Химический состав  |2 stltpush  |3 (RuTPU)RU\TPU\subj\72381  |9 85930 
610 1 |a химический анализ 
610 1 |a минералогический анализ 
610 1 |a коэффициенты 
610 1 |a пересчет 
610 1 |a минеральное сырье 
610 1 |a аналитические данные 
610 1 |a Библиотека Л. П. Рихванова 
610 1 |a владельческие подписи 
610 1 |a дары библиотеке 
675 |a 552.2  |v 3 
675 |a 549:54  |v 3 
700 1 |a Авидон  |b В. П.  |g Валентин Павлович 
801 1 |a RU  |b 63413507  |c 20150320 
801 2 |a RU  |b 63413507  |c 20220621  |g RCR 
942 |c BK